Italian Groups of Things - Statistics

General Stats
  • This quiz has been taken 640 times
  • The average score is 27 of 47
Answer Stats
Answer % Correct
Italian
98%
Pisa
97%
France
96%
Green
96%
Rome
96%
Sicily
96%
White
96%
Red
95%
Milan
94%
Milan
94%
Switzerland
94%
Austria
92%
Vatican City
89%
San Marino
88%
Florence
87%
Sardinia
87%
Naples
86%
Slovenia
85%
Turin
76%
Po
74%
Lago di Como
69%
Juventus
63%
Palermo
56%
Genoa
54%
Tiber
54%
Internazionale
53%
Lago di Garda
45%
Gaius Julius Caesar
43%
Calabria
41%
Apulia
36%
Elba
36%
Palatine
34%
Basilicata
27%
Lago Maggiore
25%
Livorno
21%
Quirinal
21%
Aventine
18%
Capitoline
18%
Gnaeus Pompeius Magnus
18%
Marcus Licinius Crassus
18%
Prato
18%
Esquiline
15%
Viminal
14%
Adige
13%
Caelian
12%
Lago Trasimeno
12%
Lago di Bolsena
8%
No matching quizzes found
Score Distribution
Percent of People with Each Score
Percentile by Number Answered
Your Score History
You have not taken this quiz